Statistics for Famous Aircraft Pictures

Click here to take the quiz!

General Stats

  • This quiz has been taken 164 times
  • The average score is 12 of 20

Answer Stats

Answer% Correct
Spitfire
93%
Boeing 747
86%
Concorde
82%
Harrier
79%
Airbus A380
77%
Mustang
72%
MIG 15
69%
Zero
65%
Hercules
64%
B52
62%
Dakota
62%
Lancaster
62%
Vulcan
57%
Sabre Jet
53%
Comet
50%
ME 109
47%
Lightning
46%
Super Constellation
44%
Spirit of St. Louis
38%
Tiger Moth
33%

Score Distribution

Percentile by Number Answered

Percent of People with Each Score

Your Score History

You have not taken this quiz